| 000 | 01054nam a22002657a 4500 | ||
|---|---|---|---|
| 005 | 20170124103038.0 | ||
| 010 | _aA-699494 | ||
| 020 | _c125.00 | ||
| 035 | _aA-699494 | ||
| 037 | _bCen Lib/Ret | ||
| 040 |
_aDPL _bHN |
||
| 082 |
_aउ _bसज्जाद |
||
| 100 |
_aसज्जाद ज़हीर _966042 |
||
| 245 |
_aरौशनी का सफ़र / _cसज्जाद ज़हीर; संपादक नरेश नदीम |
||
| 246 |
_aRoshani ka safar / _bby Sajjad Zahir; sampadak Naresh Nadeem |
||
| 260 |
_aनयी दिल्ली _bसारांश प्रकाशन _c1994 |
||
| 270 |
_a14, स्कूल लेन _bनयी दिल्ली _e110001 |
||
| 300 |
_a183पृ. _c21सेमी (सजिल्द) |
||
| 650 |
_aउर्दू साहित्य _966043 |
||
| 650 |
_aउपन्यास _966044 |
||
| 650 |
_aUrdu literature _966045 |
||
| 650 |
_aFiction _98901 |
||
| 700 |
_aनदीम, नरेश _966046 |
||
| 942 |
_2ddc _cHN _hउ _mसज्जाद |
||
| 999 |
_c116343 _d116343 |
||